Social Science (Record no. 4987)

MARC details
000 -LEADER
fixed length control field 00212nam a22000857a 4500
008 - FIXED-LENGTH DATA ELEMENTS--GENERAL INFORMATION
fixed length control field 161217b xxu||||| |||| 00| 0 eng d
100 ## - MAIN ENTRY--PERSONAL NAME
9 (RLIN) 2104
Personal name Om HAri Et Al
245 ## - TITLE STATEMENT
Title Social Science
260 ## - PUBLICATION, DISTRIBUTION, ETC. (IMPRINT)
Place of publication, distribution, etc. New Delhi
Name of publisher, distributor, etc. NCERT
Date of publication, distribution, etc. 2003
Holdings
Withdrawn status Lost status Source of classification or shelving scheme Damaged status Koha normalized classification for sorting Not for loan Home library Current library Shelving location Date acquired Total Checkouts Full call number Barcode Date last seen Price effective from Koha item type
    Dewey Decimal Classification   300_000000000000000   Good Samaritan School Library Good Samaritan School Library Social Science 12/17/2016   300 HAR9134 12/17/2016 12/17/2016 BOOK

Powered by Koha